National parks.

Bibliographic Details
Previous Title:National parks & conservation magazine
Uniform Title:National parks (Washington, D.C.)
Corporate Author: National Parks and Conservation Association (U.S.)
Format: Journal
Language:English
Published: Washington, D.C. : National Parks & Conservation Association, [1980-]
Subjects:
Online Availability: Check for online availability

MARC

Tag First Indicator Second Indicator Subfields
LEADER 00000cas a2200000 a 4500
001 in00000079766
005 20151008054007.0
008 810122c19819999dcubr1p 0uuua0eng d
010 |a  81643416   |z sn 81003535  
012 |a 3  |b 3  |c y  |l 1  |m 1 
022 0 |a 0276-8186  |9 0027-9870 
035 |a (OCoLC)07077425 
035 |9 AAH9300AM 
037 |b National Parks & Conservation Association, 1701 18th Street, NW, Washington, DC 20009 
040 |a ONS  |c ONS  |d NSD  |d DLC  |d NSD  |d DLC  |d OCL  |d TXA  |d UtOrBLW 
042 |a lc  |a nsdp 
043 |a n-us--- 
049 |a TXAE [Also in] [Micro] [film] [S] [183] 
050 0 0 |a SB482.A4  |b N377 
082 0 |a 333.78/3/0973 
090 |a SB482  |b .A466 
130 0 |a National parks (Washington, D.C.) 
210 0 |a Natl. parks  |b (Washington, D.C.) 
222 0 |a National parks  |b (Washington, D.C.) 
245 1 0 |a National parks. 
264 1 |a Washington, D.C. :  |b National Parks & Conservation Association,  |c [1980-] 
264 4 |c [©1980-] 
300 |a volumes :  |b illustrations ;  |c 28 cm. 
310 |a Bimonthly  |b <, Sept./Oct. 1981-> 
321 |a Monthly,  |b Jan.-<Apr.> 1981- 
336 |a text  |b txt  |2 rdacontent 
337 |a unmediated  |b n  |2 rdamedia 
338 |a volume  |b nc  |2 rdacarrier 
362 0 |a Vol. 55, no. 1 (Jan. 1981)- 
500 |a "The magazine of the National Parks & Conservation Association." 
510 0 |a GeoRef  |x 0197-7482 
536 |a The Cushing Library/Stonestreet copies form part of the Al Stonestreet Parks and Recreation Collection, 1997. 
650 0 |a National parks and reserves  |z United States  |v Periodicals. 
650 0 |a Conservation of natural resources  |z United States  |v Periodicals. 
710 2 |a National Parks and Conservation Association (U.S.) 
780 0 0 |t National parks & conservation magazine  |x 0027-9870  |w (OCoLC)1118740 
948 |a t3 
999 |a MARS 
999 f f |s 74e13aee-ac89-34d0-86cc-d6f329809d66  |i 1062d563-9a33-3372-84df-42700e5ffd75  |t 0 
952 f f |p ric  |a Texas A&M University  |b Rellis Campus  |c Joint Library Facility  |d Remote Storage  |t 0  |e SB482 .A466 [microfilm]  |h Library of Congress classification  |i unmediated -- volume  |k v.70  |l 1996 [microfilm]  |m A14830678296 
952 f f |p ric  |a Texas A&M University  |b Rellis Campus  |c Joint Library Facility  |d Remote Storage  |t 0  |e SB482 .A466  |h Library of Congress classification  |i unmediated -- volume  |k v.88  |l 2014  |m A14850407504 
952 f f |p ric  |a Texas A&M University  |b Rellis Campus  |c Joint Library Facility  |d Remote Storage  |t 0  |e SB482 .A466 [microfilm]  |h Library of Congress classification  |i unmediated -- volume  |k v.69  |l 1995 [microfilm]  |m A14830678254 
952 f f |p noncirc  |a Texas A&M University  |b College Station  |c Cushing Memorial Library & Archives  |d Cushing: Stonestreet (Does not check out)  |t 0  |e SB482 .A466  |h Library of Congress classification  |i unmediated -- volume 
952 f f |p ric  |a Texas A&M University  |b Rellis Campus  |c Joint Library Facility  |d Remote Storage  |t 0  |e SB482 .A466 [microfilm]  |h Library of Congress classification  |i unmediated -- volume  |k v.66  |l 1992 [microfilm]  |m 32939000063805 
952 f f |p ric  |a Texas A&M University  |b Rellis Campus  |c Joint Library Facility  |d Remote Storage  |t 0  |e SB482 .A466  |h Library of Congress classification  |i unmediated -- volume  |k v.82  |l 2008  |m A14834764146 
952 f f |p ric  |a Texas A&M University  |b Rellis Campus  |c Joint Library Facility  |d Remote Storage  |t 0  |e SB482 .A466 [microfilm]  |h Library of Congress classification  |i unmediated -- volume  |k v.56  |l 1982 [microfilm]  |m 32939000063795 
952 f f |p ric  |a Texas A&M University  |b Rellis Campus  |c Joint Library Facility  |d Remote Storage  |t 0  |e SB482 .A466 [microfilm]  |h Library of Congress classification  |i unmediated -- volume  |k v.67  |l 1993 [microfilm]  |m 32939000063806 
952 f f |p ric  |a Texas A&M University  |b Rellis Campus  |c Joint Library Facility  |d Remote Storage  |t 0  |e SB482 .A466 [microfilm]  |h Library of Congress classification  |i unmediated -- volume  |k v.62  |l 1988 [microfilm]  |m 32939000063801 
952 f f |p ric  |a Texas A&M University  |b Rellis Campus  |c Joint Library Facility  |d Remote Storage  |t 0  |e SB482 .A466 [microfilm]  |h Library of Congress classification  |i unmediated -- volume  |k v.76  |l 2002 [microfilm]  |m A14828658337 
952 f f |p ric  |a Texas A&M University  |b Rellis Campus  |c Joint Library Facility  |d Remote Storage  |t 0  |e SB482 .A466  |h Library of Congress classification  |i unmediated -- volume  |k v.91  |l 2017  |m A14850399602 
952 f f |p ric  |a Texas A&M University  |b Rellis Campus  |c Joint Library Facility  |d Remote Storage  |t 0  |e SB482 .A466 [microfilm]  |h Library of Congress classification  |i unmediated -- volume  |k v.77  |l 2003 [microfilm]  |m A14831839332 
952 f f |p ric  |a Texas A&M University  |b Rellis Campus  |c Joint Library Facility  |d Remote Storage  |t 0  |e SB482 .A466 [microfilm]  |h Library of Congress classification  |i unmediated -- volume  |k v.75  |l 2001 [microfilm]  |m A14828181453 
952 f f |p ric  |a Texas A&M University  |b Rellis Campus  |c Joint Library Facility  |d Remote Storage  |t 0  |e SB482 .A466 [microfilm]  |h Library of Congress classification  |i unmediated -- volume  |k v.55  |l 1981 [microfilm]  |m 32939000063794 
952 f f |p ric  |a Texas A&M University  |b Rellis Campus  |c Joint Library Facility  |d Remote Storage  |t 0  |e SB482 .A466 [microfilm]  |h Library of Congress classification  |i unmediated -- volume  |k v.68  |l 1994 [microfilm]  |m 32939000063807 
952 f f |p ric  |a Texas A&M University  |b Rellis Campus  |c Joint Library Facility  |d Remote Storage  |t 0  |e SB482 .A466 [microfilm]  |h Library of Congress classification  |i unmediated -- volume  |k v.73  |l 1999 [microfilm]  |m A14825955489 
952 f f |p ric  |a Texas A&M University  |b Rellis Campus  |c Joint Library Facility  |d Remote Storage  |t 0  |e SB482 .A466 [microfilm]  |h Library of Congress classification  |i unmediated -- volume  |k v.65  |l 1991 [microfilm]  |m 32939000063804 
952 f f |p ric  |a Texas A&M University  |b Rellis Campus  |c Joint Library Facility  |d Remote Storage  |t 0  |e SB482 .A466  |h Library of Congress classification  |i unmediated -- volume  |k v.85  |l 2011  |m A14841499150 
952 f f |p ric  |a Texas A&M University  |b Rellis Campus  |c Joint Library Facility  |d Remote Storage  |t 0  |e SB482 .A466  |h Library of Congress classification  |i unmediated -- volume  |k v.90  |l 2016  |m A14850399594 
952 f f |p ric  |a Texas A&M University  |b Rellis Campus  |c Joint Library Facility  |d Remote Storage  |t 0  |e SB482 .A466  |h Library of Congress classification  |i unmediated -- volume  |k v.81  |l 2007  |m A14836408495 
952 f f |p ric  |a Texas A&M University  |b Rellis Campus  |c Joint Library Facility  |d Remote Storage  |t 0  |e SB482 .A466  |h Library of Congress classification  |i unmediated -- volume  |k v.84  |l 2010  |m A14841499134 
952 f f |p ric  |a Texas A&M University  |b Rellis Campus  |c Joint Library Facility  |d Remote Storage  |t 0  |e SB482 .A466 [microfilm]  |h Library of Congress classification  |i unmediated -- volume  |k v.59  |l 1985 [microfilm]  |m 32939000063798 
952 f f |p ric  |a Texas A&M University  |b Rellis Campus  |c Joint Library Facility  |d Remote Storage  |t 0  |e SB482 .A466 [microfilm]  |h Library of Congress classification  |i unmediated -- volume  |k v.60  |l 1986 [microfilm]  |m 32939000063799 
952 f f |p ric  |a Texas A&M University  |b Rellis Campus  |c Joint Library Facility  |d Remote Storage  |t 0  |e SB482 .A466 [microfilm]  |h Library of Congress classification  |i unmediated -- volume  |k v.64  |l 1990 [microfilm]  |m 32939000063803 
952 f f |p ric  |a Texas A&M University  |b Rellis Campus  |c Joint Library Facility  |d Remote Storage  |t 0  |e SB482 .A466  |h Library of Congress classification  |i unmediated -- volume  |k v.86  |l 2012  |m A14842825789 
952 f f |p ric  |a Texas A&M University  |b Rellis Campus  |c Joint Library Facility  |d Remote Storage  |t 0  |e SB482 .A466  |h Library of Congress classification  |i unmediated -- volume  |k v.78  |l 2004  |m A14835089905 
952 f f |p ric  |a Texas A&M University  |b Rellis Campus  |c Joint Library Facility  |d Remote Storage  |t 0  |e SB482 .A466  |h Library of Congress classification  |i unmediated -- volume  |k v.89  |l 2015  |m A14850407512 
952 f f |p ric  |a Texas A&M University  |b Rellis Campus  |c Joint Library Facility  |d Remote Storage  |t 0  |e SB482 .A466 [microfilm]  |h Library of Congress classification  |i unmediated -- volume  |k v.61  |l 1987 [microfilm]  |m 32939000063800 
952 f f |p ric  |a Texas A&M University  |b Rellis Campus  |c Joint Library Facility  |d Remote Storage  |t 0  |e SB482 .A466 [microfilm]  |h Library of Congress classification  |i unmediated -- volume  |k v.72  |l 1998 [microfilm]  |m A14843593162 
952 f f |p ric  |a Texas A&M University  |b Rellis Campus  |c Joint Library Facility  |d Remote Storage  |t 0  |e SB482 .A466 [microfilm]  |h Library of Congress classification  |i unmediated -- volume  |k v.74  |l 2000 [microfilm]  |m A14827195881 
952 f f |p ric  |a Texas A&M University  |b Rellis Campus  |c Joint Library Facility  |d Remote Storage  |t 0  |e SB482 .A466  |h Library of Congress classification  |i unmediated -- volume  |k v.79  |l 2005  |m A14835090100 
952 f f |p ric  |a Texas A&M University  |b Rellis Campus  |c Joint Library Facility  |d Remote Storage  |t 0  |e SB482 .A466 [microfilm]  |h Library of Congress classification  |i unmediated -- volume  |k v.63  |l 1989 [microfilm]  |m 32939000063802 
952 f f |p ric  |a Texas A&M University  |b Rellis Campus  |c Joint Library Facility  |d Remote Storage  |t 0  |e SB482 .A466  |h Library of Congress classification  |i unmediated -- volume  |k v.83  |l 2009  |m A14841499176 
952 f f |p ric  |a Texas A&M University  |b Rellis Campus  |c Joint Library Facility  |d Remote Storage  |t 0  |e SB482 .A466 [microfilm]  |h Library of Congress classification  |i unmediated -- volume  |k v.58  |l 1984 [microfilm]  |m 32939000063797 
952 f f |p ric  |a Texas A&M University  |b Rellis Campus  |c Joint Library Facility  |d Remote Storage  |t 0  |e SB482 .A466 [microfilm]  |h Library of Congress classification  |i unmediated -- volume  |k v.71  |l 1997 [microfilm]  |m A14843593154 
952 f f |p ric  |a Texas A&M University  |b Rellis Campus  |c Joint Library Facility  |d Remote Storage  |t 0  |e SB482 .A466  |h Library of Congress classification  |i unmediated -- volume  |k v.87  |l 2013  |m A14842825797 
952 f f |p ric  |a Texas A&M University  |b Rellis Campus  |c Joint Library Facility  |d Remote Storage  |t 0  |e SB482 .A466 [microfilm]  |h Library of Congress classification  |i unmediated -- volume  |k v.57  |l 1983 [microfilm]  |m 32939000063796 
952 f f |p ric  |a Texas A&M University  |b Rellis Campus  |c Joint Library Facility  |d Remote Storage  |t 0  |e SB482 .A466  |h Library of Congress classification  |i unmediated -- volume  |k v.80  |l 2006  |m A14835090061 
952 f f |p ric  |a Texas A&M University  |b Rellis Campus  |c Joint Library Facility  |d Remote Storage  |t 0  |e SB482 .A466  |h Library of Congress classification  |i unmediated -- volume  |k v.92  |l 2018  |m A14850922643 
998 f f |a SB482 .A466 [microfilm]  |s v.55-77 (1981-2003)  |t 0  |l Remote Storage 
998 f f |a SB482 .A466  |s v.70:no.9/10 (1996:Sept./Oct.)  |t 0  |l Cushing: Stonestreet (Does not check out) 
998 f f |a SB482 .A466  |s v.78-92 (2004-2018)  |t 0  |l Remote Storage